[Event "Challenge"]
[Site "http://www.queenalice.com/game.php?id=1171802"]
[Date "2013.4.15"]
[Round "-"]
[White "Limongi"]
[Black "huffao"]
[Result "1-0"]
[WhiteElo "1780"]
[BlackElo "1500"]

1. e4 b6 2. d4 Nf6 3. e5 Ne4 4. Qf3 Bb7 5. Bd3 Ng5 6. Qxb7 Nc6 7. Bxg5 h6 8. Be3
Nb4 9. a3 Nc6 10. Nf3 Qb8 11. Qxb8+ Rxb8 12. Nc3 h5 13. O-O g6 14. b4 a6 15. d5
Na7 16. h3 h4 17. Ng5 Rh5 18. g4 hxg3 19. fxg3 Bh6 20. h4 f6 21. exf6 exf6 22.
Bxg6+ Kf8 23. Bxh5 Nb5 24. Nh7+ Kg8 25. Nxf6+ Kg7 26. Bxh6+ Kxh6 27. Nxd7 Rd8
28. Nxb5 axb5 29. Nf6 Rd6 30. Rae1 Rd8 31. Re6 Rd6 32. Ng8+ Kh7 33. Rf7+ Kxg8
34. Re8# 1-0

[Event "AUTO-INT-2572"]
[Site "http://www.queenalice.com/game.php?id=1174497"]
[Date "2013.4.23"]
[Round "2"]
[White "vinoseco"]
[Black "Limongi"]
[Result "0-1"]
[WhiteElo "1642"]
[BlackElo "1727"]

1. e4 e5 2. Nf3 Nc6 3. Bc4 Nf6 4. d3 d5 5. exd5 Nxd5 6. O-O Bg4 7. Qe1 Bxf3 8.
gxf3 Bc5 9. Qe4 Nf6 10. Qf5 O-O 11. Nc3 Nd4 12. Qxe5 Nxf3+ 13. Kg2 Nxe5 14. Na4
Bd4 15. c3 Nxc4 16. cxd4 Qd5+ 0-1

[Event "AUTO-INT-2572"]
[Site "http://www.queenalice.com/game.php?id=1174498"]
[Date "2013.4.23"]
[Round "2"]
[White "Limongi"]
[Black "vinoseco"]
[Result "1-0"]
[WhiteElo "1768"]
[BlackElo "1662"]

1. e4 e5 2. Nf3 Nc6 3. Bb5 Bc5 4. Nc3 Nd4 5. Nxd4 Bxd4 6. O-O c6 7. Bc4 b5 8.
Bb3 a5 9. a4 b4 10. Qf3 Nf6 11. Ne2 d6 12. Nxd4 exd4 13. e5 dxe5 14. Qxc6+ Bd7
15. Qc5 Qe7 16. Qxe7+ Kxe7 17. d3 h5 18. Re1 h4 19. Rxe5+ Kd6 20. Bf4 Kc6 21.
Bxf7 Ng4 22. Bd5+ Kd6 23. Rg5+ Ke7 24. Bxa8 Rxa8 25. Rxg7+ Ke6 26. Rxg4 Kd5 27.
Rxh4 Rc8 28. Rh5+ Kc6 29. Rxa5 Kb6 30. Rd5 Be6 31. Rd6+ Kb7 32. Rxe6 Rxc2 33. h3
Rxb2 34. Rae1 Ra2 35. Re7+ Kb6 36. R1e6+ Kc5 37. Rc7+ Kd5 38. Rh6 b3 39. Rb7 b2
40. Rb5# 1-0

[Event "AUTO-INT-2572"]
[Site "http://www.queenalice.com/game.php?id=1174501"]
[Date "2013.4.23"]
[Round "2"]
[White "Amazona"]
[Black "Limongi"]
[Result "1-0"]
[WhiteElo "1699"]
[BlackElo "1789"]

1. e4 e5 2. Nf3 Nc6 3. d4 Nf6 4. d5 Na5 5. Bd2 b6 6. Bxa5 bxa5 7. Bd3 c6 8. dxc6
dxc6 9. Nxe5 c5 10. O-O c4 11. Nxc4 Ba6 12. b3 Qd4 13. c3 Qd7 14. Ne5 Qe6 15.
Bxa6 Qxa6 16. g4 Nxe4 17. Qd7# 1-0

[Event "AUTO-INT-2572"]
[Site "http://www.queenalice.com/game.php?id=1174502"]
[Date "2013.4.23"]
[Round "2"]
[White "Limongi"]
[Black "Amazona"]
[Result "0-1"]
[WhiteElo "1757"]
[BlackElo "1808"]

1. e4 e5 2. Nf3 d6 3. Nc3 Nf6 4. d4 Bg4 5. dxe5 Bxf3 6. gxf3 dxe5 7. Qxd8+ Kxd8
8. Bg5 Be7 9. O-O-O+ Nbd7 10. Bxf6 Bxf6 11. Nd5 Kc8 12. Bh3 Bg5+ 13. Kb1 Bh4 14.
Rhg1 g6 15. Bxd7+ Kxd7 16. Nb6+ Ke6 17. Nxa8 Rxa8 18. Rd2 c6 19. b4 Ke7 20. Rg4
Bf6 21. f4 exf4 22. Rxf4 Bg5 0-1

[Event "AUTO-INT-2572"]
[Site "http://www.queenalice.com/game.php?id=1174505"]
[Date "2013.4.23"]
[Round "2"]
[White "Limongi"]
[Black "Vermelho"]
[Result "0-1"]
[WhiteElo "1770"]
[BlackElo "1841"]

1. e4 e5 2. Nf3 Nc6 3. Bb5 Nf6 4. Nc3 a6 5. Bxc6 dxc6 6. Nxe5 Nxe4 7. Qf3 Ng5 8.
Qf4 Bd6 9. d4 f6 10. Qg3 Bxe5 11. dxe5 Ne6 12. O-O fxe5 13. Qxe5 O-O 14. Rd1 Qh4
15. g3 Qg4 16. Be3 Qg6 17. b4 Qxc2 18. Ne4 b6 19. Rdc1 Qa4 20. Ng5 Nxg5 21. Bxg5
Bh3 22. Rxc6 Qxc6 23. Rc1 Qg2# 0-1

[Event "AUTO-INT-2572"]
[Site "http://www.queenalice.com/game.php?id=1174506"]
[Date "2013.4.23"]
[Round "2"]
[White "Vermelho"]
[Black "Limongi"]
[Result "1-0"]
[WhiteElo "1933"]
[BlackElo "1724"]

1. e4 e5 2. Nf3 Nc6 3. Nc3 Nf6 4. Bc4 Bb4 5. O-O O-O 6. Re1 d6 7. b3 Bxc3 8.
dxc3 Nxe4 9. Rxe4 Be6 10. Bxe6 fxe6 11. Ng5 Qf6 12. Re2 h6 13. Ne4 Qf5 14. Ng3
Qg4 15. f3 Qg6 16. b4 a6 17. c4 Nxb4 18. Ba3 Nc6 19. Rb1 Nd4 20. Rf2 b5 21. c3
Nf5 22. Nxf5 Qxf5 23. cxb5 Rab8 24. b6 Rxb6 25. Rxb6 cxb6 26. Qxd6 Rf7 27. Qxb6
e4 28. fxe4 1-0

[Event "AUTO-OPEN-2946"]
[Site "http://www.queenalice.com/game.php?id=1181199"]
[Date "2013.5.14"]
[Round "2"]
[White "vivafischer"]
[Black "Limongi"]
[Result "1-0"]
[WhiteElo "2160"]
[BlackElo "1772"]

1. e4 e5 2. Nf3 Nc6 3. Bb5 a6 4. Ba4 b5 5. Bb3 Nf6 6. d4 exd4 7. e5 Qe7 8. O-O
Nxe5 9. Nxe5 Qxe5 10. Re1 Ne4 11. f3 Bd6 12. Rxe4 1-0

[Event "AUTO-OPEN-2946"]
[Site "http://www.queenalice.com/game.php?id=1181200"]
[Date "2013.5.14"]
[Round "2"]
[White "Limongi"]
[Black "vivafischer"]
[Result "0-1"]
[WhiteElo "1743"]
[BlackElo "2096"]

1. e4 e6 2. d4 d5 3. f3 Nf6 4. Nc3 Be7 5. Bg5 O-O 6. e5 Nfd7 7. Bxe7 Qxe7 8. Qd3
a6 9. O-O-O c5 10. f4 c4 11. Qh3 b5 12. Nf3 Nc6 13. a3 b4 14. axb4 Qxb4 15. f5
Rb8 16. fxe6 Nb6 17. Ng5 h6 18. Nxf7 Na4 0-1

[Event "AUTO-OPEN-2946"]
[Site "http://www.queenalice.com/game.php?id=1181203"]
[Date "2013.5.14"]
[Round "2"]
[White "onasa"]
[Black "Limongi"]
[Result "1-0"]
[WhiteElo "1902"]
[BlackElo "1638"]

1. e4 e5 2. Nf3 Nc6 3. Bb5 Nf6 4. O-O Nxe4 5. Re1 d5 6. d3 Nf6 7. Nxe5 Be7 8.
Nxc6 bxc6 9. Bxc6+ Bd7 10. Bxa8 Qxa8 11. Bg5 1-0